Rupaul´s Drag Race Season 4 - Statistics

General Stats
  • This quiz has been taken 163 times
  • The average score is 12 of 16
Answer Stats
Answer % Correct
Winner Sharon Needles
99%
Runner-Up Phi Phi O Hara
95%
Out 10th Latrice Royale
92%
Runner-Up Chad Michaels
89%
Judge Michelle Visage
84%
Host Rupaul
84%
Out 9th (Came back) Kenya MIchaels
83%
Out 6th Jiggly Caliente
79%
Out 7th Willam
77%
Out 8th DiDa Ritz
72%
Out 3rd The Princess
65%
Out 5th Milan
63%
Judge Santino Rice
61%
Out 1st Alisa Summers
52%
Out 2nd Lashauwn Beyond
49%
Out 4th Madam LaQueer
45%
No matching quizzes found
Score Distribution
Percent of People with Each Score
Percentile by Number Answered
Your Score History
You have not taken this quiz